003_ Personnalités nées un 3 janvier par images - Statistiques

Statistiques générales
  • Ce quiz a été pris 75 fois
  • Le résultat moyen est 5 sur 12
Statistiques - réponses
Par images Hint Réponse % Correct
Militante Greta Thunberg
94%
Musicien Thomas Bangalter
90%
Pilote Automobile Michael Schumacher
88%
Politicien Christophe Castaner
54%
Acteur Mel Gibson
36%
Dessinateur André Franquin
31%
Politicien Franck Riester
18%
Politicien Cicéron
17%
Chanteuse Kim Ji-soo
17%
Écrivain John Ronald Reuel Tolkien
11%
Actrice Raegan Revord
3%
Dirigeant Politique Ngô Đình Diệm
0%
Aucun quiz correspondant
Distribution des résultats
% des personnes avec chaque résultat
Percentile par nombre de réponses
Votre historique - résultats
Vous n’avez pas pris ce quiz